Top 5 Most Populous Countries by Continent - Statistics

General Stats
  • This quiz has been taken 95 times
  • The average score is 28 of 30
Answer Stats
Group Population Country % Correct
North America 35 million Canada
100%
Asia 1.38 billion China
100%
North America 121 million Mexico
100%
North America 321 million United States
100%
Oceania 24 million Australia
99%
Europe 66 million France
99%
Europe 81 million Germany
99%
Asia 1.29 billion India
99%
Europe 60 million Italy
99%
Oceania 5 million New Zealand
99%
Europe 143 million Russia
99%
Europe 65 million United Kingdom
98%
South America 41 million Argentina
96%
South America 201 million Brazil
96%
Africa 84 million Egypt
96%
Africa 183 million Nigeria
96%
Africa 53 million South Africa
96%
South America 47 million Colombia
94%
North America 11 million Cuba
94%
Asia 255 million Indonesia
94%
Asia 191 million Pakistan
93%
South America 31 million Peru
93%
South America 30 million Venezuela
92%
Africa 71 million D.R Congo
90%
Oceania 800 thousand Fiji
89%
Asia 158 million Bangladesh
88%
Africa 98 million Ethiopia
88%
Oceania 5.5 million Papua New Guinea
88%
North America 16 million Guatemala
81%
Oceania 500 thousand Solomon Islands
81%
No matching quizzes found
Score Distribution
Percent of People with Each Score
Percentile by Number Answered
Your Score History
You have not taken this quiz